CISTERCIUM BIS - TERTIUM SEU HISTORIA ELOGIALIS, In qua SACERRIMI ORDINIS CISTERCIENSIS ANNO DOMINI 1698 à Sui origine SEXIES, feu BIS - TER SAECULARIS Primordia, Incrementa, Praeclara Gesta, Merita in Ecclesiam, Orbémque Christianum, Praerogativae, coelitùs humanitúsque concessae, Connexiones cum Religiosis Ordinibus, Coenobiorum Series per Terras Austriacas. Atgue etinam Personae Sanctimoniâ, Martyrio, Laboribus Apostolicis, Dignitatibus Ecclesiasticis, Prosapiâ, Gloriâ mlilitari, Doctrina ac Laureis illustres, intermixtis ubique Elogijs, novâ methodô recensentur /

Hlavní autor: Sartorius, Augustinus, 1663-1723
Další autoři: Speer, Franz, Mayer z Mayern, Daniel Josef Ignác, 1656-1733
Jazyk: Latina
Vydáno: Vetero-Pragae : Augustino Sartorio, 1700
Témata:
Externí odkaz: Digitalizovaný dokument (Exemplář z Hathitrust Digital Libary)
Digitalizovaný dokument (patitul)
Digitalizovaný dokument (priloha1)
Digitalizovaný dokument (priloha2)
Digitalizovaný dokument (priloha3)
Digitalizovaný dokument (Titulní list)
Fyzický popis: 22 nečíslovaných stran, 1161 stran, 39 nečíslovaných stran, 5 nečíslovanch příloh : ilustrace ; 2°
Knihy
Uloženo v:
LEADER 04550nam a2200649 i 4500
001 mzk03001228952
003 CZ BrMZK
005 20160916151023.0
007 ta
008 160810s1700 xr abj fr|||||00| ||latod
040 |a BOA001  |b cze  |e rda 
072 7 |a 27-78  |x Křesťanská sdružení, spolky a organizace. Řeholní řády  |2 Konspekt  |9 5 
072 7 |a 094  |x Staré tisky  |2 Konspekt  |9 12 
080 |a 27-788  |2 MRF 
080 |a 27-789.25  |2 MRF 
080 |a 025.171  |2 MRF 
080 |a (0.068)094  |2 MRF 
080 |a (049)  |2 MRF 
100 1 |a Sartorius, Augustinus,  |d 1663-1723  |7 ola2010588838  |4 aut 
245 1 0 |a CISTERCIUM BIS - TERTIUM SEU HISTORIA ELOGIALIS, In qua SACERRIMI ORDINIS CISTERCIENSIS ANNO DOMINI 1698 à Sui origine SEXIES, feu BIS - TER SAECULARIS Primordia, Incrementa, Praeclara Gesta, Merita in Ecclesiam, Orbémque Christianum, Praerogativae, coelitùs humanitúsque concessae, Connexiones cum Religiosis Ordinibus, Coenobiorum Series per Terras Austriacas. Atgue etinam Personae Sanctimoniâ, Martyrio, Laboribus Apostolicis, Dignitatibus Ecclesiasticis, Prosapiâ, Gloriâ mlilitari, Doctrina ac Laureis illustres, intermixtis ubique Elogijs, novâ methodô recensentur /  |c AUTHORE, Admodum Reverendo in Christo Patre AUGUSTINO SARTORIO, Sac: Ord: Cisterc: Monasterij B. V. M. de Osseco Professo, nuper ibidem Philosopphiae, Theologiae Moralis, ac Controversiarum Fidei Professore, ac Supriore: nunc Vicariatûs Bohemo-Cisterciensis Secretariô, ac Notariô Apostoliciô 
246 3 3 |a CISTERCIUM BIS-TERTIUM 
246 3 3 |a CISTERCIUM BIS-TERTIUM SEU HISTORIA ELOGIALIS 
246 3 8 |a R.P.AUGUSTINI SARTORII Ord. Cisterci: Cistercium Bis-tertium Vetero-Praga 1700 
264 1 |a Vetero-Pragae :  |b Augustino Sartorio,  |c 1700 
300 |a 22 nečíslovaných stran, 1161 stran, 39 nečíslovaných stran, 5 nečíslovanch příloh :  |b ilustrace ;  |c 2° 
336 |a text  |b txt  |2 rdacontent 
337 |a bez média  |b n  |2 rdamedia 
338 |a svazek  |b nc  |2 rdacarrier 
500 |a Rozsah: [22], 1161, [39] s., [5] příl. 
500 |a Výzdoba: Předtitul, mědirytinový frontispis, titulní list tištěn červeně a černě, nad impresem zdobená linka, iniciály, vlysy, viněty, jednoduché a dvojité linky, na úvodním listě kapitol ozdobné stránkování (uprostřed arabské číslo se závorkami a květinovým motivem) a mědiryt (kromě závěrečné kapitoly), dvě mědirytinové přílohy, složená genealogická tabulka s mědirytem (GENEALOGIA S. GUILLELMI EX NOBILISSIMO & POTENTISSIMO DOMINO MONTIS - PESSULANI, MONACHI CISTERCIENSIS IN GRADI - SILVA), mědirytinová mapa (s vyobrazením svatého Bernarda) 
561 |a Provenience: Ex libris se studujícím mnichem 
561 |a Provenience: Rajhradské znakové exlibris 
561 |a Provenience: [m.p.] Monasterii Rayhradensis Dono Datus ab Adm. R[everen]do Venerabili Domino Paulo S. O. Cist. Paeposito Monasterrij Reginae 
563 |a Pergamenová vazba Rajhrad, dřevěné desky, dvě kovové spony, na hřbětě zlacený nápis, ořízka natřena modrou barvou 
650 7 |a mnišské řády  |7 ph138554  |2 czenas 
650 7 |a cisterciáci  |7 ph114257  |2 czenas 
650 7 |a historické knihovní fondy  |7 ph172933  |2 czenas 
655 7 |a staré tisky  |7 fd422076  |2 czenas 
655 7 |a pojednání  |7 fd133056  |2 czenas 
700 1 |a Speer, Franz  |4 cns 
700 1 |a Mayer z Mayern, Daniel Josef Ignác,  |d 1656-1733  |7 xx0034000  |4 oth 
856 4 1 |u https://babel.hathitrust.org/cgi/pt?id=uiuo.ark:/13960/t13n2tm3r;view=1up;seq=9  |y Digitalizovaný dokument  |z Exemplář z Hathitrust Digital Libary 
856 4 1 |u https://imageserver.mzk.cz/mzk03/001/228/952/328100224454.patitul  |y Digitalizovaný dokument  |z patitul 
856 4 1 |u https://imageserver.mzk.cz/mzk03/001/228/952/328100224454.priloha1  |y Digitalizovaný dokument  |z priloha1 
856 4 1 |u https://imageserver.mzk.cz/mzk03/001/228/952/328100224454.priloha2  |y Digitalizovaný dokument  |z priloha2 
856 4 1 |u https://imageserver.mzk.cz/mzk03/001/228/952/328100224454.priloha3  |y Digitalizovaný dokument  |z priloha3 
856 4 1 |u https://imageserver.mzk.cz/mzk03/001/228/952/328100224454.titul  |y Digitalizovaný dokument  |z Titulní list 
903 |a RP 
910 |e BOE950  |c R - II. a. 1754 
978 |b Wickhart, Volfgang  |a Praha  |c 1726 
981 0 |a Paulus 
982 0 |a Rajhrad - benediktinský klášter 
984 |a Praha  |b Česko 
990 |a BK 
996 |e BOE950  |c R - II. a. 1754 
991 |k rajhrad 
980 |c 224454  |g R - II. a. 1754  |1 328100224454  |p N. 5050, 1/aa I 17